000 00351nam a22001457a 4500
008 250414b ||||| |||| 00| 0 eng d
020 _a9788853627032
041 _aITALIAN
080 _22019
_a371OLI
082 _2371OLI
_a371OLI
100 _a22
101 _aGJUHA ITALIANE
245 _aELI DIZIONARIO ILUSTRATO
_cOLIVIER JOY
942 _2udc
_cBK
999 _c60639
_d60639